000 00838nam a2200181Ia 4500
008 100920s9999 xx 000 0 und d
082 _b10051
_a28 व 51 थ 60
100 _aइंगळे व.न.
245 _aशिक्षण-भगीरथ - कांहीं तरी नवेंच करा : 40.
260 _bवोरा ऍण्ड कंपनी पब्लिशर्स प्रा.लि.मुंबई.
_c1960
300 _a32
_bसाधी
365 _b0.5
520 _aबा. वि चरित्र.
630 _aशिक्षण-भगीरथ - कांहीं तरी नवेंच करा : 40.
650 _aबा. वि चरित्र.
730 _aशिक्षण-भगीरथ - कांहीं तरी नवेंच करा : 40.
942 _cBOOK
999 _c676654
_d676651